The complete Plain words / (Record no. 37093)
[ view plain ]
| 000 -LEADER | |
|---|---|
| fixed length control field | 00637nam a22002051a 4500 |
| 001 - CONTROL NUMBER | |
| control field | 54014563 |
| 010 ## - LIBRARY OF CONGRESS CONTROL NUMBER | |
| LC control number | 54014563 |
| 020 ## - INTERNATIONAL STANDARD BOOK NUMBER | |
| Terms of availability | 0.00 |
| 040 ## - CATALOGING SOURCE | |
| Original cataloging agency | NEGST Library - Kenya |
| 082 ## - DEWEY DECIMAL CLASSIFICATION NUMBER | |
| Classification number | PE 1421.G592 1954 |
| 100 ## - MAIN ENTRY--PERSONAL NAME | |
| Personal name | Gowers, Ernest, |
| Titles and other words associated with a name | Sir, |
| Dates associated with a name | 1880-1966. |
| 245 ## - TITLE STATEMENT | |
| Title | The complete Plain words / |
| Statement of responsibility, etc | by Sir Ernest Gowers |
| Medium | [Text] |
| 260 ## - PUBLICATION, DISTRIBUTION, ETC. (IMPRINT) | |
| Name of publisher, distributor, etc | Penguin Books; Harmondsworth, Middlesex |
| Date of publication, distribution, etc | 1948 |
| 300 ## - PHYSICAL DESCRIPTION | |
| Extent | 272p. ; |
| 600 ## - SUBJECT ADDED ENTRY--PERSONAL NAME | |
| Personal name | English language |
| General subdivision | Style. |
| 600 ## - SUBJECT ADDED ENTRY--PERSONAL NAME | |
| Personal name | English language |
| General subdivision | Terms and phrases. |
| 600 ## - SUBJECT ADDED ENTRY--PERSONAL NAME | |
| Personal name | Vocabulary. |
| 852 ## - LOCATION/CALL NUMBER | |
| -- | 10.00 |
| 852 ## - LOCATION/CALL NUMBER | |
| -- | 10.00 |
| Withdrawn status | Lost status | Source of classification or shelving scheme | Damaged status | Not for loan | Collection code | Home library | Current library | Shelving location | Date acquired | Source of acquisition | Cost, normal purchase price | Total Checkouts | Full call number | Barcode | Date last seen | Copy number | Price effective from | Koha item type |
|---|---|---|---|---|---|---|---|---|---|---|---|---|---|---|---|---|---|---|
| Library of Congress Classification | General Circulation | AIU/NEGST - Tony Wilmot Memorial Library | AIU/NEGST - Tony Wilmot Memorial Library | General Stacks | 03/12/2010 | D - Wycliffe Associates | 10.00 | PE 1421.G592 1954 | R49890X3232 | 09/26/2019 | 1 | 03/12/2010 | Books | |||||
| Library of Congress Classification | General Circulation | AIU/NEGST - Tony Wilmot Memorial Library | AIU/NEGST - Tony Wilmot Memorial Library | General Stacks | 03/12/2010 | D. | 10.00 | PE 1421.G592 1954 | R23194X3232 | 09/26/2019 | 2 | 03/12/2010 | Books |
